Jaati vyavastha(जाती व्यवस्था) (Record no. 116308)

MARC details
000 -LEADER
fixed length control field 00274 a2200109 4500
020 ## - INTERNATIONAL STANDARD BOOK NUMBER
International Standard Book Number 9788126712632
100 ## - MAIN ENTRY--PERSONAL NAME
Personal name Sachchidanand Sinha
245 ## - TITLE STATEMENT
Title Jaati vyavastha(जाती व्यवस्था)
250 ## - EDITION STATEMENT
Edition statement 2nd
260 ## - PUBLICATION, DISTRIBUTION, ETC. (IMPRINT)
Name of publisher, distributor, etc Rajkamal prakashan
Date of publication, distribution, etc 2024
942 ## - ADDED ENTRY ELEMENTS (KOHA)
Koha item type On order/under processing
Holdings
Withdrawn status Lost status Damaged status Not for loan Home library Current library Date acquired Source of acquisition Cost, normal purchase price Total Checkouts Barcode Date last seen Cost, replacement price Price effective from Koha item type
        University Library University Library 18/04/2026 264 646.75   00098387 18/04/2026 995.00 18/04/2026 On order/under processing
University Library, CUSAT